| 000 | 01627nam0a2200373 4500 | ||
|---|---|---|---|
| 001 | RU\NLR\bibl\1378252 | ||
| 005 | 20260406104923.0 | ||
| 010 |
_a978-5-91250-141-8 _97000 |
||
| 021 |
_aRU _b2009-27700 _91659 |
||
| 035 | _a(nilc)RSL-KNO-004275276 | ||
| 035 | _a(NLR Aleph) 001370356 | ||
| 090 |
_a1037732 _c1037732 |
||
| 100 | _a20090410d2009 |||y0rusy50 ca | ||
| 101 | 1 |
_arus _ceng |
|
| 102 | _aRU | ||
| 105 | _ay ||||||||| | ||
| 200 | 1 |
_aДесять секретов счастья _dThe secrets of abundant happiness _eсовременная притча о мудрости и счастье, которая изменит вашу жизнь _fАдам Дж. Джексон _g[перевод с англ. К. Семенова] _zeng |
|
| 210 |
_aМосква _cСофия _d2009 |
||
| 215 |
_a159 с. _d17 |
||
| 300 | _aАвт. также на англ. яз.: Adam J. Jackson | ||
| 510 | 0 |
_6z22790 _aThe secrets of abundant happiness _zeng |
|
| 606 | 1 |
_aПсихогигиена _9929392 _3RU\NLR\auth\6623393 |
|
| 610 | 0 | _aРелигия -- Даосизм -- Нравственное богословие -- Этическое учение даосизма -- Счастье | |
| 686 |
_aЭ342-433.18,0 _2rubbk |
||
| 686 | _aЮ937.2 | ||
| 700 | 1 |
_4070 _7ca _8rus _aДжексон _bА. Д. _f1962- _gАдам Дж. _981453 _3RU\NLR\AUTH\7798527 |
|
| 790 | 1 |
_4070 _7ba _8eng _aJackson _bA. J. _f1962- _gAdam J. _981454 _3RU\NLR\AUTH\7798528 |
|
| 801 | 0 |
_aRU _bРКП _c20090410 _grcr |
|
| 801 | 1 |
_aRU _bРГБ _c20090410 |
|
| 801 | 2 |
_aRU _bNLR _c20090605 _grcr |
|
| 942 | _cBOOK | ||
| 980 | _aNB | ||